000 00329nam a2200121Ia 4500
008 220204s9999 xx 000 0 und d
082 _a624.011.7
_bMEG
100 _aMegson, T H G
245 0 _aLinear analysis of thin walled elastic structures
260 _aSurrey
_bIntertext
_c1974
650 _aElastic structures
942 _cBK
999 _c27674
_d27674